| 000 | 00377 a2200157 4500 | ||
|---|---|---|---|
| 001 | 185669 | ||
| 020 | _a85-366-1556-6 | ||
| 040 | _cMagnum | ||
| 100 | _aTolkien, J. R. R. | ||
| 240 | 1 | 0 |
_aO senhor dos anéis: segunda parte _lpor |
| 245 | 1 | 0 | _aO senhor dos anéis: segunda parte |
| 300 | _a486 | ||
| 362 | 0 | _a2002 | |
| 697 | _aLITERATURA JUVENIL ESTRANGEIRA | ||
| 942 | _cBK | ||
| 999 |
_c185669 _d185669 |
||